000 00189 a2200097 4500
020 _a9781368093774
041 _aeng
100 _akiersten White
245 _aStar Wars padawan
942 _cBK
999 _c30749
_d30747